Top 20 des meilleurs films Letterboxd - Statistiques

Statistiques générales
  • Ce quiz a été pris 50 fois
  • Le résultat moyen est 2 sur 20
Statistiques - réponses
Année Note /5 Film % Correct
1957 4.6 12 hommes en colère
67%
1962 4.7 Harakiri
50%
1985 4.6 Come and See
28%
1954 4.6 Seven Samurai
9%
1984 4.7 Stop making Sense
2%
1989 4.6 Twin Peaks
2%
1998 4.6 Cowboy Bebop
0%
2005 4.6 Fishmans: Otokotachi no Wakare 98.12.28 @ Akasaka Blitz
0%
2001 4.7 Frères d'armes
0%
2009 4.7 Fullmetal Alchemist: Brotherhood
0%
2025 4.6 Lady Gaga: MAYHEM on the Beach
0%
2004 4.7 Monster
0%
2019 4.6 National Theatre Live: Fleabag
0%
2013 4.7 No Half Measures: Creating the Final Season of Breaking Bad
0%
2014 4.6 Over the Garden Wall
0%
2016 4.6 Planet Earth II
0%
2008 4.7 Radiohead: In Rainbows - From the Basement
0%
2024 4.6 Samuel
0%
2017 4.6 Twin Peaks: The Return
0%
2025 4.6 When Life Gives You Tangerines
0%
Aucun quiz correspondant
Distribution des résultats
% des personnes avec chaque résultat
Percentile par nombre de réponses
Votre historique - résultats
Vous n’avez pas pris ce quiz